000
00332nam a2200145Ia 4500
005
20250508052824.0
008
240331s9999 xx 000 0 und d
082
_b
KRI
_a
891
100
_a
Maithri, M
245
0
_a
Pugai naduvil
260
_a
Chennai
_b
Arunthathi Nilayam
_c
2000
300
_a
216 p .,
650
_a
Novel
942
_c
L
999
_c
4777
_d
4777